书目信息 |
| 题名: |
沃尔玛霸业
|
|
| 作者: | 张世国 , 顾建东 , 熊建国 著 | |
| 分册: | ||
| 出版信息: | 北京 中国商业出版社 2005 |
|
| 页数: | 369页 | |
| 开本: | 21cm | |
| 丛书名: | ||
| 单 册: | ||
| 中图分类: | F737.124.2 | |
| 科图分类: | ||
| 主题词: | 零售商业--ling shou shang ye--连锁商店--商业经营--经验--美国 | |
| 电子资源: | ||
| ISBN: | 7-5044-5305-6 | |
| 000 | 01456nam0 2200277 450 | |
| 001 | CAL 012005151687 | |
| 005 | 20061123095309.92 | |
| 010 | @a7-5044-5305-6@dCNY 25.80 | |
| 099 | @aCAL 012005151687 | |
| 100 | @a20051230d2005 ekmy0chiy0121 ea | |
| 101 | 0 | @achi |
| 102 | @aCN@b110000 | |
| 200 | 1 | @a沃尔玛霸业@Awo er ma ba ye@e掌控全球最大通路的奥秘@d= The Wal-Mart powerful career@escale and low price made world No.1@f曹国熊,张世国,顾建东著@Fcao guo xiong,zhang shi guo,gu jian dong zhu@zeng |
| 210 | @a北京@c中国商业出版社@d2005 | |
| 215 | @a369页@d21cm | |
| 330 | @a本书是一部对全球零售业销售排名第一的跨国公司沃尔玛进行全方位描述和研究的著作。书中主要剖析了沃尔玛的先进经营方式,描述了它如何成长、如何形成竞争、如何开店、如何管理、如何形成网店等方面。本书是一部对全球零售业销售排名第一的跨国公司沃尔玛进行全方位描述和研究的著作。书中主要剖析了沃尔玛的先进经营方式,描述了它如何成长、如何形成竞争、如何开店、如何管理、如何形成网店等方面。 | |
| 510 | 1 | @aWal-Mart powerful career@escale low price made world No.1@zeng |
| 517 | 1 | @a掌控全球最大通路的奥秘@Azhang kong quan qiu zui da tong lu de ao mi |
| 601 | 02 | @a沃尔玛公司@Awo er ma gong si@x商业经营@x经验 |
| 606 | 0 | @a零售商业@Aling shou shang ye@x连锁商店@x商业经营@x经验@y美国 |
| 690 | @aF737.124.2@v4 | |
| 701 | 0 | @a张世国@Azhang shi guo@4著 |
| 701 | 0 | @a顾建东@Agu jian dong@4著 |
| 701 | 0 | @a熊建国@Axiong jian guo@4著 |
| 801 | @aCN@c20061123 | |
| 905 | @a10447@dF737.124.2@eC117 | |
| 沃尔玛霸业:掌控全球最大通路的奥秘= The Wal-Mart powerful career:scale and low price made world No.1/曹国熊,张世国,顾建东著.-北京:中国商业出版社,2005 |
| 369页;21cm |
| ISBN 7-5044-5305-6:CNY 25.80 |
| 本书是一部对全球零售业销售排名第一的跨国公司沃尔玛进行全方位描述和研究的著作。书中主要剖析了沃尔玛的先进经营方式,描述了它如何成长、如何形成竞争、如何开店、如何管理、如何形成网店等方面。本书是一部对全球零售业销售排名第一的跨国公司沃尔玛进行全方位描述和研究的著作。书中主要剖析了沃尔玛的先进经营方式,描述了它如何成长、如何形成竞争、如何开店、如何管理、如何形成网店等方面。 |
| ● |
| 相关链接 |
|
|
|
正题名:沃尔玛霸业
索取号:F737.124.2/C117
 
预约/预借
| 序号 | 登录号 | 条形码 | 馆藏地/架位号 | 状态 | 备注 |
| 1 | 613996 | 206139962 | 社科库409/409社科库 47排6列3层/ [索取号:F737.124.2/C117] | 在馆 | |
| 2 | 613997 | 206139971 | 社科库409/409社科库 47排6列3层/ [索取号:F737.124.2/C117] | 在馆 |